01429nam a22003617a 4500003000500000005001700005008004100022010001000063011001000073035001000083040000900093090001000102100003600112245009700148260004000245300002200285502010800307590003700415590004100452590004200493650002300535650002300558650003900581650004300620650003200663901000700695942001000702949003600712949004100748999001700789952012800806952013300934CHAP20220329133844.0971013s1977 r 00010 d a11836 a12808 a16505 cCHAP aTesis00aRegalado Ortiz, Alfredo.9956211 aEvaluación del herbicida Suffix en el control de avena silvestre (Avena fatua L.) en trigo aChapingo, Méx. :bEl autor,c1977 a59 h.b: gráfs. aTesis (Ing. Agr. Esp. en Parasitología Agrícola) -- ENA. Departamento de Parasitología Agrícola aALEPHb10c20130110lUCH01h1230 aBATCH-UPDb10c20130110lUCH01h0908 aCONVERSIONb10c20130109lUCH01h130814aAvena fatua.9855714aHerbicidas.95369114aMalas hierbasxCompetencia.97000914aTrigoxMalas hierbasxControl.911505414aTrigoxRendimiento.9115092 aBK cTESIS bBCcTESd-149839eTS1i16505si bBCcTESd-149840eTS1fc.2i16505si c11836d11836 00102local4051708TESISaBCbBCcPA_TESISd2012-12-17fTESISl0oTesisp-149839r2019-12-31 00:00:00w2019-12-31yTESIS 00102local4053708TESISaBCbBCcPA_TESISd2012-12-17fTESISl0oTesisp-149840r2019-12-31 00:00:00tc.2w2019-12-31yTESIS